00277nam a2200133Ia 45000030006000000080041000060400015000471000016000622450017000782500010000952600009001055460012001140050017001260STCL150530s9999 xx 000 0 und d aSTCLcSTCL aWyndham, F. aGraham Green aFirst c1955 aEnglish20220125171149.0